Στοιχεία γεωμετρίας

Αποθηκεύτηκε σε:
Λεπτομέρειες βιβλιογραφικής εγγραφής
Κύριος συγγραφέας: Legendre, A. M. (Adrien Marie), 1752-1833
Άλλοι συγγραφείς: Καρανδηνός, Ιωάννης (Μεταφραστής)
Μορφή: Βιβλίο
Γλώσσα:Greek
Δημοσίευση: Κερκυραί : Εκ της Τυπογραφίας της Κυβερνήσεως, 1829.
Θέματα:
Διαθέσιμο Online:http://hdl.handle.net/11610/16659
Ετικέτες: Προσθήκη ετικέτας
Δεν υπάρχουν, Καταχωρήστε ετικέτα πρώτοι!

MARC

LEADER 00000cam a2200000 i 4500
001 1/68159
008 150302s1829 gr | ||| |||| ||gre||
035 |l 10121299 
040 |a GR-MyUA  |b gre  |e AACR2 
041 0 |a gre 
082 0 |a 516  |2 (23) 
100 1 |a Legendre, A. M.   |q (Adrien Marie),   |d 1752-1833. 
245 1 0 |a Στοιχεία γεωμετρίας /   |c υπό Α. Μ. Λεγένδρου ; μεταφρασθέντα εκ του Γαλλικού εκ της δωδεκάτης αυτών εκδόσεως, υπό του Δόκτορος Ιωάννου Καρανδήνου, Κεφαλληνός.  
260 |a Κερκυραί :   |b Εκ της Τυπογραφίας της Κυβερνήσεως,   |c 1829.  
300 |a η', 309 σ. :   |b [5] αναδιπλ. φύλλα με σχέδια ;   |c 18 εκ.  
500 |a Στο recto σφραγίδα "Πορφυριάς Αστική Σχολή Καρλοβασίων" με αρ. 940. 
500 |a Υπάρχει ψηφιακό αντίγραφο.  
650 0 0 |a Geometry. 
700 1 |a Καρανδηνός, Ιωάννης,  |e trl 
852 |a INST  |b SAMOS  |c PORFYRIADA  |e 20150302  |h 516 LEG  |p 005300041866  |q 005300041866  |t NOLOAN  |y 23 
856 |u http://hdl.handle.net/11610/16659 
901 |a BIBL3-2015-1 
909 |a Σ  |b 191907 
970 |a ΣΙΤΖΙΜΗ  |b ΓΙΑΣΕΜΗ  |z 2015/03/02